Combustion chemistry and the carbon neutral future : what will the next 25 years of research require?

As the demands for cleaner, more efficient, reduced and zero carbon emitting transportation increase, the traditional focus of Combustion Chemistry research is stretching and adapting to help provide solutions to these contemporary issues. Combustion Chemistry and the Carbon Neutral Future: What wil...

Full description

Saved in:
Bibliographic Details
Other Authors Brezinsky, Kenneth
Format Electronic eBook
LanguageEnglish
Published Amsterdam, Netherlands ; Oxford, United Kingdom ; Cambridge MA : Elsevier, [2023]
SeriesDevelopments in physical & theoretical chemistry
Subjects
Online AccessFull text
ISBN0323993109
9780323993104
9780323992138
0323992137
Physical Description1 online resource (xxiv, 639 pages) : illustrations

Cover

LEADER 00000cam a22000007i 4500
001 kn-on1370527410
003 OCoLC
005 20240717213016.0
006 m o d
007 cr cn|||||||||
008 230228s2023 ne ob 001 0 eng d
040 |a YDX  |b eng  |e rda  |c YDX  |d OPELS  |d YDX  |d N$T  |d OCLCF  |d NWQ  |d OCLCO 
020 |a 0323993109  |q electronic book 
020 |a 9780323993104  |q (electronic bk.) 
020 |z 9780323992138 
020 |z 0323992137 
035 |a (OCoLC)1370527410 
245 0 0 |a Combustion chemistry and the carbon neutral future :  |b what will the next 25 years of research require? /  |c edited by Kenneth Brezinsky. 
264 1 |a Amsterdam, Netherlands ;  |a Oxford, United Kingdom ;  |a Cambridge MA :  |b Elsevier,  |c [2023] 
300 |a 1 online resource (xxiv, 639 pages) :  |b illustrations 
336 |a text  |b txt  |2 rdacontent 
337 |a computer  |b c  |2 rdamedia 
338 |a online resource  |b cr  |2 rdacarrier 
490 0 |a Developments in physical & theoretical chemistry 
504 |a Includes bibliographical references and index. 
505 0 0 |g Introduction --  |t Combustion emissions, internal combustion engines and greenhouse gases /  |r Sage L. Kokjohn and Aravindh Babu --  |t Soot research: Relevance and priorities by mid-century /  |r Francesco Carbone, Kevin Gleason and Alessandro Gomez --  |t Natural gas for combustion systems /  |r Jai M. Mehta and Kenneth Brezinsky --  |t Sustainable bio-oxygenate fuels /  |r Charles K. Westbrook --  |t A comprehensive perspective on a promising fuel for thermal engines: Syngas and its surrogates /  |r Annarita Viggiano and Vinicio Magi --  |t Hydrogen, the zero carbon fuel /  |r Jai M. Mehta, Fokion N. Egolfopoulos and Kenneth Brezinsky --  |t Ammonia as an alternative /  |r José Antonio Mayoral Chavando, Valter Bruno Silva, Luıs Antonio da Cruz Tarelho, Joao Sousa Cardoso, Matthew J. Hall, and Daniela Eusebio --  |t Small alcohols as biofuels: Status and needs for experimental data, theoretical calculations, and chemical kinetic modeling /  |r Chiara Saggese, Tanusree Chatterjee and William J. Pitz --  |t Fischer-Tropsch and other synthesized hydrocarbon fuels /  |r Mahabubul Alam, Kuen Yehliu, Chenxi Sun, André L. Boehman --  |t Low temperature combustion /  |r Yiguang Ju and Ziyu Wang --  |t Supercritical CO2 fluid combustion /  |r Ramees K. Rahman, K.R.V. Manikantachari (Raghu) and Subith S. Vasu --  |t Catalytic combustion for cleaner burning: Innovative catalysts for low temperature diesel soot abatement /  |r Vincenzo Palma, Giuseppina Iervolino and Eugenio Meloni --  |t Advances in chemical looping combustion technology /  |r Anuj Joshi, Pinak Mohapatra, Rushikesh Joshi, Sonu Kamar, Ashin Sunny, Zhuo Gheng, Lang Quin, and Liang-Shih Fan --  |t Chemistry diagnostics for monitoring /  |r Katharina Kohse-Höinghaus, Alison M. Ferris, Johan Zetterberg, Deanna A. Lacoste, Peter Fjodorow, Steven Wagner, Liming Cai, Charlotte Rudolph, Judit Zandor, Yuyang Li, Lena Ruwe, Nina Gaiser, Zhandong Wang, and Klaus Peter Geigle --  |t High-pressure spectroscopy and sensors for combustion /  |r R. Mitchell Spearrin and Christopher S. Goldenstein --  |t Bio-derived sustainable aviation fuels-On the verge of powering our future /  |r Mukul Tomar, Abhinav Abraham, Keunsoo Kim, Eric Mayhew, Tonghun Lee, Kenneth Brezinsky, and Patrick Lynch --  |t Using combustion synthesis to convert emissions into useful solid materials /  |r Stephen D. Tse and Hua Hong. 
506 |a Plný text je dostupný pouze z IP adres počítačů Univerzity Tomáše Bati ve Zlíně nebo vzdáleným přístupem pro zaměstnance a studenty 
520 |a As the demands for cleaner, more efficient, reduced and zero carbon emitting transportation increase, the traditional focus of Combustion Chemistry research is stretching and adapting to help provide solutions to these contemporary issues. Combustion Chemistry and the Carbon Neutral Future: What will the Next 25 Years of Research Require? presents a guide to current research in the field and an exploration of possible future steps as we move towards cleaner, greener and reduced carbon combustion chemistry. Beginning with a discussion of engine emissions and soot, the book goes on to discuss a range of alternative fuels, including hydrogen, ammonia, small alcohols and other bio-oxygenates, natural gas, syngas and synthesized hydrocarbon fuels. Methods for predicting and improving efficiency and sustainability, such as low temperature and catalytic combustion, chemical looping, supercritical fluid combustion, and diagnostic monitoring even at high pressure, are then explored. Some novel aspects of biomass derived aviation fuels and combustion synthesis are also covered. Combining the knowledge and experience of an interdisciplinary team of experts in the field, Combustion Chemistry and the Carbon Neutral Future: What will the Next 25 Years of Research Require? is an insightful guide to current and future focus areas for combustion chemistry researchers in line with the transition to greener, cleaner technologies. 
590 |a Knovel  |b Knovel (All titles) 
650 0 |a Combustion. 
650 0 |a Clean energy. 
655 7 |a elektronické knihy  |7 fd186907  |2 czenas 
655 9 |a electronic books  |2 eczenas 
700 1 |a Brezinsky, Kenneth. 
776 0 8 |i Print version:  |z 0323992137  |z 9780323992138  |w (OCoLC)1302179940 
856 4 0 |u https://proxy.k.utb.cz/login?url=https://app.knovel.com/hotlink/toc/id:kpCCCNFWW1/combustion-chemistry-and?kpromoter=marc  |y Full text